| 000 | 00786cam a22002291 4500 | ||
|---|---|---|---|
| 001 | sa 67006665 | ||
| 003 | DLC | ||
| 005 | 20260227112409.0 | ||
| 008 | 861114s1967 pk b 000 0 eng | ||
| 010 | _asa 67006665 | ||
| 025 | _aPL480:P-E-1152 | ||
| 035 | _a(OCoLC)14712929 | ||
| 040 |
_aDLC _cWaU _dDLC |
||
| 042 | _apremarc | ||
| 050 | 0 | 0 |
_aHC503.E2 _bP3 |
| 082 | _a382/.09/549067 | ||
| 110 | 1 |
_aPakistan. _bExport Promotion Bureau. |
|
| 245 | 1 | 0 | _aTour report of Pakistan businessmen's delegation to Central and East African countries (Aden, Ethiopia, Kenya, Uganda, Tanzania, Malawi, Zambia and Somalia) May 4-June 22, 1965. |
| 260 |
_aKarachi _b[Manager of Publications, _c1967] |
||
| 300 |
_aiii, 90 p. _bfold. map. _c19 cm. |
||
| 651 | 0 |
_aAfrica, East _xEconomic conditions. |
|
| 999 |
_c76085 _d76085 |
||